All FNAF Animatronics - Statistics

General Stats
  • This quiz has been taken 58 times
  • The average score is 69 of 270
Answer Stats
FNAF Game Answer % Correct
%_^^&(
100%
Bonnie
100%
FNAF 1 Freddy
100%
>>>>>>
100%
Chica
97%
Foxy
97%
Golden Freddy
94%
Toy Bonnie
75%
Toy Chica
75%
Toy Freddy
72%
The Puppet
69%
Endo 01
67%
Mangle
67%
Nightmare
67%
FNAF 4 Nightmare Freddy
67%
Withered Chica
67%
FNAF 2 Withered Freddy
67%
Ballora
64%
Cupcake
64%
Nightmare Bonnie
64%
Nightmare Chica
64%
Phantom Chica
64%
Phantom Foxy
64%
Phantom Freddy
64%
FNAF 3 Springtrap
64%
Withered Bonnie
64%
Withered Foxy
64%
Balloon Boy
61%
Funtime Foxy
61%
Funtime Freddy
61%
JJ
61%
Nightmare Foxy
61%
Phantom Mangle
61%
RWQFSFASXC
61%
Shadow Freddy
61%
Sister Location Circus Baby
58%
Endo 02
58%
Phantom Puppet
58%
Scraptrap
56%
Withered Golden Freddy
56%
Fredbear
53%
Funtime Chica
53%
Glamrock Chica
53%
Security Breach Glamrock Freddy
53%
Nightmare Mangle
53%
Nightmarionne
53%
Phantom Balloon Boy
53%
Rockstar Foxy
53%
Pizza. Sim. Rockstar Freddy
53%
Scrapbaby
53%
Spring Bonnie
53%
Bon-bon
50%
Jack o’ Bonnie
50%
Jack o’ Chica
50%
Lefty
50%
Monty
50%
Nightmare Balloon Boy
50%
Plushtrap
50%
Rockstar Bonnie
50%
Bonnet
47%
Ennard
47%
Freddles
47%
Mr. Hippo
47%
Nightmare Fredbear
47%
Rockstar Chica
47%
Roxy
47%
Glitchtrap
44%
The Mimic
44%
Vanny
44%
Lolbit
42%
Bidybab
39%
Helpy
39%
Molten Freddy
39%
Nightmare Cupcake
39%
Orville
39%
UCN Dee Dee
36%
Happy Frog
36%
Musicman
36%
Neddbear
36%
Paper Pals
36%
Security
36%
Yenndo
36%
Burntrap
33%
El Chip
33%
Electrobab
33%
Pigpatch
33%
Toy Cupcake
33%
Moon
31%
Sun
31%
Help Wanted Dreadbear
28%
Mapbot
28%
Minireenas
28%
The Blob
28%
Coffee
25%
Eclipse
25%
Mr. Hugs
25%
Pan Stan
25%
Security Bot
25%
X.O.R
25%
Adventure Bonnie
22%
Adventure Freddy
22%
DJ Music Man
22%
Jack o’ Lantern
22%
Adventure Chica
19%
Adventure Foxy
19%
Adventure Golden Freddy
19%
Adventure Mangle
19%
Adventure Toy Chica
19%
Bucket Bob
19%
Candy Cadet
19%
Fruit Punch Clown
19%
Grimm Foxy
19%
Mini Musicmen
19%
Mr. Can-Do
19%
FNAF World Scott Cawthon
19%
Security Puppet
19%
Shadow Cupcake
19%
Adventure Cupcake
17%
Adventure Nightmare
17%
Adventure Phantom Freddy
17%
Adventure Plushtrap
17%
Adventure Puppet
17%
Adventure Springtrap
17%
Adventure Toy Bonnie
17%
Adventure Toy Freddy
17%
Golden Cupcake
17%
Helpi
17%
Lemonade Clown
17%
Old Man Consequences
17%
Prototype
17%
Ruined Monty
17%
Adventure Balloon Boy
14%
Adventure Crying Child
14%
Adventure Endo 01
14%
Adventure Fredbear
14%
Adventure Funtime Foxy
14%
Adventure Jack o’ Chica
14%
Adventure JJ
14%
Adventure Nightmare Bonnie
14%
Adventure Nightmare Foxy
14%
Adventure Nightmare Freddy
14%
Adventure Nightmarionne
14%
Adventure Paper Pals
14%
Adventure Phantom Chica
14%
Adventure Phantom Foxy
14%
Adventure Phantom Mangle
14%
Adventure Phantom Puppet
14%
Adventure Purple Guy
14%
Adventure Shadow Freddy
14%
Adventure Withered Bonnie
14%
Adventure Withered Chica
14%
Adventure Withered Freddy
14%
Adventure Withered Golden Freddy
14%
Carnie
14%
Eggbaby
14%
Glamrock Endo
14%
Mop Bot
14%
Mystic Hippo
14%
Plushbaby
14%
Ruined Roxy
14%
Tangle
14%
Adventure Endo 02
11%
Adventure Jack o’ Bonnie
11%
Adventure Lolbit
11%
Adventure Nightmare Balloon Boy
11%
Adventure Nightmare Chica
11%
Adventure Nightmare Fredbear
11%
Adventure Nightmare Mangle
11%
Adventure Phantom Balloon Boy
11%
Adventure RWQFSFASXC
11%
Animdude
11%
Captain Foxy
11%
Chop n’ Roll
11%
Funtime Cupcake
11%
Mendo
11%
Minireena 2
11%
Party Bot
11%
Redbear
11%
Ruined Glamrock Chica
11%
White Rabbit
11%
Adventure Spring Bonnie
8%
Ballboy
8%
Beartrap
8%
Boxbyte
8%
Browboy
8%
Chef Bot
8%
Chillax
8%
Chipper’s Revenge
8%
Colossal
8%
Crabapple
8%
Dogfight
8%
Flan
8%
Gearrat
8%
Gold Endo
8%
Goldmine
8%
Graveweed
8%
Head Chef Bot
8%
Help Wanted 2 Jack o’ Moon
8%
Magician Bot
8%
Maskbot
8%
Mechrab
8%
Meringue
8%
Metalman
8%
Mr. Chipper
8%
Quarry
8%
Ruined DJ Music Man
8%
Ruined Mini Musicmen
8%
Seagoon
8%
Seaweed
8%
Shadow Mangle
8%
Xangle
8%
!2222
6%
Adventure Dee Dee
6%
Attendant Bot
6%
Auto Chipper
6%
Blacktrap
6%
Bouncer
6%
Bubba
6%
Comedy Bot
6%
Dark Foxy
6%
Dark Freddy
6%
Desk Man
6%
Dread Unit
6%
Eyesore
6%
Mad Endo
6%
M.X.E.S
6%
Nightmare Endo
6%
Overclock
6%
Party Freddy
6%
Phantom Shadow Freddy
6%
Plushendo
6%
Porkpatch
6%
S.B. Ruin DLC Prototype Glamrock Freddy
6%
Purplegeist
6%
Ruined Candy Cadet
6%
Ruined Glamrock Bonnie
6%
Snowcone
6%
Tombstack
6%
Totemole
6%
Virtua-Freddy
6%
Wet Floor Bots
6%
Worker Bot
6%
Alien Bot
3%
Alpha Construction Bot
3%
Alpha STAFF Bots
3%
AR Plushbaby
3%
Beacon Bonnie
3%
Bouncy Pod
3%
Burnt Carnie
3%
Coded Glamrock Endo
3%
Construction Bot
3%
Driver Assistant Bot
3%
Foxy.exe
3%
Game Instructor Bot
3%
Giant Bonnie Mask
3%
Giant Cupcake
3%
Giant Golden Cupcake
3%
Gumball Swivelhands
3%
Magic Rainbow
3%
Makeup Bot
3%
Nr. 1 Crate
3%
Pin Collector Bot
3%
Racer Bot
3%
Ruined STAFF Bot
3%
Sewer STAFF Bot
3%
Wild Race Car
3%
Price King
0%
Rejected Bon-Bon
0%
Rejected Bonnet
0%
Rejected Nightmare Balloon Boy
0%
No matching quizzes found
Score Distribution
Percent of People with Each Score
Percentile by Number Answered
Your Score History
You have not taken this quiz